00454nam a2200169Ia 450000500170000000800410001702000180005804000190007604100120009508200160010710000190012324500400014226000440018230000120022665000360023885000100027420221221112459.0131103s9999 xx 000 0 und d aSBN 434740039 aLoreto College aEnglish a813.52bSTE aSteinbeck,John 4aThe Grapes of wrathcJohn Steinbeck aLondonbHeinemannc1939 (1972 printing) a400 p.  aAmerican Fiction - 20th Century aLCLIB